|
|
|
|
| LEADER |
00000nam0a2200000 4500 |
| 001 |
275065 |
| 005 |
20231101234804.0 |
| 035 |
|
|
|a (RuTPU)RU\TPU\book\298294
|
| 090 |
|
|
|a 275065
|
| 100 |
|
|
|a 20141111d1986 km y0rusy5003 ca
|
| 101 |
1 |
|
|a rus
|c ger
|
| 102 |
|
|
|a RU
|
| 105 |
|
|
|a a z 001zy
|
| 200 |
1 |
|
|a Территориальное планирование. Опыт ГДР
|e пер. с нем.
|f под ред. В. П. Можина
|
| 210 |
|
|
|a Москва
|c Прогресс
|d 1986
|
| 215 |
|
|
|a 334 с.
|
| 300 |
|
|
|a Авт. указаны на 16-й с.
|
| 606 |
1 |
|
|a Территориальное планирование
|2 stltpush
|3 (RuTPU)RU\TPU\subj\37044
|9 58209
|
| 610 |
1 |
|
|a планирование
|
| 610 |
1 |
|
|a народное хозяйство
|
| 610 |
1 |
|
|a зарубежный опыт
|
| 610 |
1 |
|
|a ГДР
|
| 610 |
1 |
|
|a экономические законы
|
| 610 |
1 |
|
|a экономическое планирование
|
| 610 |
1 |
|
|a территориальное размещение
|
| 610 |
1 |
|
|a природная среда
|
| 610 |
1 |
|
|a инфраструктура
|
| 686 |
|
|
|a У9(2)230.4
|v LBC/SL-A
|2 rubbk
|
| 702 |
|
1 |
|a Можин
|b В. П.
|g Владимир Потапович
|4 340
|
| 801 |
|
0 |
|a RU
|b RuMRKP
|c 19950704
|g psbo
|
| 801 |
|
1 |
|a RU
|b 63413507
|c 20141111
|
| 801 |
|
2 |
|a RU
|b 63413507
|c 20170328
|g RCR
|
| 942 |
|
|
|c BK
|